ბათუმის შოთა რუსთაველის სახელმწიფო უნივერსიტეტის ბიბლიოთეკა

Риманова геометрия в целом. Riemannsche Geometrie Im Groben. (ბიბ.ჩანაწერი № 38888)

000 -LEADER
fixed length control field 00717nam a2200205Ia 4500
001 - CONTROL NUMBER
control field 5301
003 - CONTROL NUMBER IDENTIFIER
control field GE_BSU
008 - FIXED-LENGTH DATA ELEMENTS--GENERAL INFORMATION
fixed length control field 181216s||||||||xx |||||||||||||| ||und||
040 ## - CATALOGING SOURCE
Transcribing agency GE_BSU
080 ## - UNIVERSAL DECIMAL CLASSIFICATION NUMBER
Universal Decimal Classification number 514
100 ## - MAIN ENTRY--PERSONAL NAME
Personal name Громол Д. Клингенберг В. Мейер В.
245 ## - TITLE STATEMENT
Title Риманова геометрия в целом. Riemannsche Geometrie Im Groben.
245 ## - TITLE STATEMENT
Statement of responsibility, etc. Пер с немецкого Ю.Д. Бураго. Под ред. и с добавл. В.А. Топоногова.
260 ## - PUBLICATION, DISTRIBUTION, ETC.
Place of publication, distribution, etc. Москва
260 ## - PUBLICATION, DISTRIBUTION, ETC.
Name of publisher, distributor, etc. Мир
260 ## - PUBLICATION, DISTRIBUTION, ETC.
Date of publication, distribution, etc. 1971
300 ## - PHYSICAL DESCRIPTION
Extent 343 с. 22 см.
653 ## - INDEX TERM--UNCONTROLLED
Uncontrolled term Риманова геометрия в целом. Riemannsche Geometrie Im Groben.
942 ## - ADDED ENTRY ELEMENTS (KOHA)
Koha item type წიგნი
ეგზემპლარები
Withdrawn status Lost status Damaged status Not for loan Date acquired Barcode Date last seen Price effective from Koha item type Public note
        2018-12-17 16212 2018-12-17 2018-12-17 წიგნი საცავი
        2018-12-17 16213 2018-12-17 2018-12-17 წიგნი საცავი
        2018-12-17 16214 2018-12-17 2018-12-17 წიგნი საცავი
        2018-12-17 16215 2018-12-17 2018-12-17 წიგნი საცავი